Loading...
| Literature - World | 0 | 3 | 0 | 0 | 30 | 82 | 97.00 | 0 | 2 | 4.39 | 12.00 |
| Religion | 0 | 3 | 0 | 0 | 30 | 34 | 59.33 | 1 | 2 | 14.89 | 20.00 |
| Literature - British | 0 | 3 | 0 | 0 | 30 | 56 | 79.67 | 0 | 1 | 6.42 | 8.57 |
| Social Science | 0 | 2 | 0 | 0 | 20 | 60 | 60.00 | 1 | 2 | 9.29 | 17.78 |
| Science - Biology | 0 | 1 | 0 | 0 | 10 | 75 | 75.00 | 0 | 0 | 3.36 | 2.00 |
| History - Other | 0 | 1 | 0 | 1 | 10 | 110 | 110.00 | 0 | 0 | 0.00 | 2.00 |
| Mythology | 0 | 1 | 1 | 1 | 5 | 94 | 94.00 | 0 | 0 | 0.00 | 2.00 |
| Literature - American | 0 | 1 | 1 | 0 | 5 | 122 | 122.00 | 0 | 0 | 0.14 | 6.67 |
| Literature - European | 0 | 0 | 0 | 0 | 0 | 0.00 | 0 | 0 | 0.00 | 0.00 |